[Event "Sachsen-Anhalt Landesliga-A 1920"]
[Site "Sachsen Anhalt"]
[Date "2020.01.19"]
[Round "5.1"]
[White "Werchan, Hans"]
[Black "Kahe, Ralph"]
[Result "0-1"]
[WhiteElo "2045"]
[BlackElo "2083"]
[PlyCount "60"]
[EventDate "2019.09.29"]
[EventType "team-tourn"]
[EventRounds "9"]
[EventCountry "GER"]
[SourceTitle "EXT 2023"]
[Source "ChessBase"]
[SourceDate "2022.10.05"]
[SourceVersion "1"]
[SourceVersionDate "2022.10.05"]
[SourceQuality "1"]
[WhiteTeam "Magdeburg USC II"]
[BlackTeam "Magdeburg Rochade II"]
[WhiteTeamCountry "GER"]
[BlackTeamCountry "GER"]

1. Nf3 g6 2. c4 Bg7 3. Nc3 d6 4. g3 c5 5. Bg2 Nc6 6. d3 Rb8 7. 0-0 Bd7 8. e3 Nf6 9. Qe2 0-0 10. Rb1 Ne8 11. Bd2 Nc7 12. a3 a5 13. Ne1 b5 14. cxb5 Nxb5 15. Nc2 Nc7 16. Rfc1 Ne6 17. h4 h5 18. Bd5 Nc7 19. Bf3 Ne5 20. Bg2 Bg4 21. f3 Bf5 22. e4 Be6 23. Ne3 Nc6 24. Nc2 Bb3 25. Be3 Ne6 26. Qe1 Ned4 27. Na1 Ne5 28. Bxd4 cxd4 29. Nxb3 dxc3 30. Rxc3 Nd7 0-1

[Event "Sachsen-Anhalt Landesliga A 18/19"]
[Site "Sachsen Anhalt"]
[Date "2019.02.03"]
[Round "6.2"]
[White "Werchan, Hans"]
[Black "Ulrich, Karl Heinz"]
[Result "1-0"]
[WhiteElo "2047"]
[BlackElo "1888"]
[PlyCount "57"]
[EventDate "2018.09.23"]
[EventType "team-tourn"]
[EventRounds "9"]
[EventCountry "GER"]
[SourceTitle "EXT 2022"]
[Source "ChessBase"]
[SourceDate "2021.10.06"]
[SourceVersion "1"]
[SourceVersionDate "2021.10.06"]
[SourceQuality "1"]
[WhiteTeam "Magdeburg USC II"]
[BlackTeam "Calbe TSG"]
[WhiteTeamCountry "GER"]
[BlackTeamCountry "GER"]

1. Nf3 Nf6 2. c4 c5 3. Nc3 Nc6 4. d4 cxd4 5. Nxd4 g6 6. e4 d6 7. Be2 Bg7 8. Be3 0-0 9. Qd2 Bd7 10. f3 a6 11. 0-0 Rc8 12. Rac1 Re8 13. Rfd1 Qa5 14. Nb3 Qd8 15. c5 dxc5 16. Nxc5 Rc7 17. Nd5 Nxd5 18. Qxd5 e6 19. Qb3 Qc8 20. Qb6 Nb8 21. Nxd7 Rxc1 22. Rxc1 Qxd7 23. Rc7 Qa4 24. Rxb7 Nd7 25. Qxa6 Qxa6 26. Bxa6 Ne5 27. Rc7 h5 28. b3 Bf6 29. Rc8 1-0

[Event "Sachsen-Anhalt-ch Seniors 24th"]
[Site "Halberstadt"]
[Date "2016.06.03"]
[Round "6"]
[White "Gottschalk, Juergen"]
[Black "Werchan, Hans"]
[Result "0-1"]
[WhiteElo "1597"]
[BlackElo "2113"]
[PlyCount "36"]
[EventDate "2016.05.29"]
[EventType "swiss"]
[EventRounds "7"]
[EventCountry "GER"]
[SourceTitle "EXT 2019"]
[Source "ChessBase"]
[SourceDate "2018.10.10"]
[SourceVersion "1"]
[SourceVersionDate "2018.10.10"]
[SourceQuality "1"]

1. e4 c5 2. Nf3 d6 3. d4 cxd4 4. Nxd4 Nf6 5. Nc3 a6 6. Bd3 e5 7. Nde2 Be7 8. f4 b5 9. a3 Bb7 10. Be3 Nbd7 11. Ng3 exf4 12. Bxf4 Ne5 13. Bxe5 dxe5 14. Nf5 Bf8 15. b4 Rc8 16. Qd2 g6 17. Ng3 h5 18. h4 Bh6 0-1

[Event "Sachsen-Anhalt-ch Seniors 24th"]
[Site "Halberstadt"]
[Date "2016.06.01"]
[Round "4"]
[White "Walther, Joachim"]
[Black "Werchan, Hans"]
[Result "1-0"]
[WhiteElo "1898"]
[BlackElo "2113"]
[PlyCount "89"]
[EventDate "2016.05.29"]
[EventType "swiss"]
[EventRounds "7"]
[EventCountry "GER"]
[SourceTitle "EXT 2019"]
[Source "ChessBase"]
[SourceDate "2018.10.10"]
[SourceVersion "1"]
[SourceVersionDate "2018.10.10"]
[SourceQuality "1"]

1. c4 c5 2. Nc3 Nf6 3. g3 d5 4. cxd5 Nxd5 5. Bg2 Nc7 6. Nf3 Nc6 7. 0-0 e5 8. d3 Be7 9. Be3 Be6 10. a3 f6 11. Nd2 Qd7 12. Rc1 Rc8 13. Qa4 Na6 14. Nce4 Nd4 15. Qxd7+ Kxd7 16. Nc3 Rb8 17. Bxd4 cxd4 18. Nb5 Nc5 19. b4 a6 20. Nxd4 exd4 21. bxc5 Rhc8 22. Rb1 Rxc5 23. Rxb7+ Rxb7 24. Bxb7 Ra5 25. Rc1 Bxa3 26. Ra1 Kc7 27. Bxa6 Bb4 28. Rxa5 Bxa5 29. Nf3 Bc3 30. Bb5 Bg4 31. Kg2 Bxf3+ 32. Kxf3 Be1 33. h4 Kd6 34. h5 Ke5 35. Bd7 f5 36. e3 Bc3 37. g4 fxg4+ 38. Kxg4 Kf6 39. e4 Bd2 40. f4 g5 41. fxg5+ Ke7 42. Bb5 h6 43. g6 Bg5 44. Kf5 Bf6 45. e5 1-0

[Event "GER-chA Seniors 27th"]
[Site "Magdeburg"]
[Date "2015.08.18"]
[Round "4"]
[White "Ljubarskij, Jurij"]
[Black "Werchan, Hans"]
[Result "1-0"]
[WhiteElo "2264"]
[BlackElo "2107"]
[PlyCount "97"]
[EventDate "2015.08.15"]
[EventType "swiss"]
[EventRounds "9"]
[EventCountry "GER"]
[SourceTitle "EXT 2018"]
[Source "ChessBase"]
[SourceDate "2017.10.13"]
[SourceVersion "1"]
[SourceVersionDate "2017.10.13"]
[SourceQuality "1"]

1. e4 c5 2. Nc3 e6 3. f4 a6 4. Nf3 d5 5. a4 Nc6 6. Be2 dxe4 7. Nxe4 Nf6 8. Nxf6+ Qxf6 9. g3 b6 10. 0-0 Bb7 11. c3 Bd6 12. Ng5 Qe7 13. d3 h6 14. Ne4 Bc7 15. Be3 0-0 16. Bf3 Rfd8 17. Qe2 Rab8 18. Rfd1 Rd7 19. Qg2 Na5 20. Rab1 c4 21. d4 Bd5 22. Re1 Re8 23. Nd2 Qd6 24. Bf2 Qc6 25. Ra1 Bxf3 26. Qxf3 Qxf3 27. Nxf3 Rd5 28. Re2 Red8 29. Ne1 Nb3 30. Rd1 Ra5 31. Kg2 Rxa4 32. Nc2 Nc5 33. dxc5 Rxd1 34. cxb6 Bd6 35. Bd4 Ra2 36. Ne3 Rxd4 37. cxd4 c3 38. Nd1 cxb2 39. Rxb2 Rxb2+ 40. Nxb2 Kf8 41. Nc4 Ke7 42. Kf3 Kd7 43. Ke4 Kc6 44. f5 exf5+ 45. Kxf5 Kd5 46. Nxd6 g6+ 47. Kf6 Kxd6 48. b7 Kc7 49. d5 1-0

[Event "GER-chT Seniors 23rd"]
[Site "Bergen"]
[Date "2014.09.02"]
[Round "2.2"]
[White "Werchan, Hans"]
[Black "Mikolajewski, Armin"]
[Result "1/2-1/2"]
[WhiteElo "2141"]
[BlackElo "2052"]
[PlyCount "72"]
[EventDate "2014.09.01"]
[EventType "team-swiss"]
[EventRounds "7"]
[EventCountry "GER"]
[SourceTitle "EXT 2018"]
[Source "ChessBase"]
[SourceDate "2017.10.13"]
[SourceVersion "1"]
[SourceVersionDate "2017.10.13"]
[SourceQuality "1"]

1. Nf3 d5 2. c4 e6 3. g3 c6 4. b3 Nf6 5. Bg2 Be7 6. 0-0 0-0 7. Bb2 Re8 8. Qc2 Nbd7 9. Nc3 Nf8 10. d4 b6 11. e4 Bb7 12. Ne5 Rc8 13. Rfd1 Qc7 14. Rac1 a6 15. Qe2 dxc4 16. Nxc4 b5 17. Ne3 Qa5 18. Nc2 Rcd8 19. a3 Qb6 20. b4 a5 21. Rb1 Rd7 22. Bc1 Ra8 23. Be3 Qd8 24. h3 Ng6 25. h4 h6 26. Bf3 Bf8 27. h5 Ne7 28. Bg2 Nc8 29. d5 axb4 30. dxc6 Bxc6 31. Nxb4 Bxb4 32. axb4 Qe8 33. Bc5 Ra3 34. Qb2 Ra8 35. Bf3 Rxd1+ 36. Rxd1 Nd7 1/2-1/2

[Event "GER-chT Seniors 23rd"]
[Site "Bergen"]
[Date "2014.09.01"]
[Round "1.2"]
[White "Haakert, Juergen"]
[Black "Werchan, Hans"]
[Result "1/2-1/2"]
[WhiteElo "2352"]
[BlackElo "2141"]
[PlyCount "57"]
[EventDate "2014.09.01"]
[EventType "team-swiss"]
[EventRounds "7"]
[EventCountry "GER"]
[SourceTitle "EXT 2018"]
[Source "ChessBase"]
[SourceDate "2017.10.13"]
[SourceVersion "1"]
[SourceVersionDate "2017.10.13"]
[SourceQuality "1"]

1. Nf3 c5 2. g3 Nf6 3. Bg2 d5 4. 0-0 Nc6 5. d3 e5 6. Nbd2 Be7 7. e4 0-0 8. Re1 dxe4 9. dxe4 Qc7 10. c3 Rd8 11. Qe2 Be6 12. h3 h6 13. Nh4 Qd7 14. Kh2 Qd3 15. Qxd3 Rxd3 16. Bf1 Rdd8 17. Nhf3 a6 18. a4 Bd6 19. Bc4 Bc7 20. Bxe6 fxe6 21. Nc4 b5 22. axb5 axb5 23. Rxa8 Rxa8 24. Na3 Rb8 25. Nd2 c4 26. Rd1 Kf8 27. Kg2 Ke7 28. Kf1 Nd7 29. b4 1/2-1/2

[Event "Sachsen-Anhalt-ch Seniors 22nd"]
[Site "Halberstadt"]
[Date "2014.05.26"]
[Round "2"]
[White "Liebscher, Helmar"]
[Black "Werchan, Hans"]
[Result "1-0"]
[WhiteElo "1926"]
[BlackElo "1992"]
[PlyCount "105"]
[EventDate "2014.05.25"]
[EventType "swiss"]
[EventRounds "7"]
[EventCountry "GER"]
[SourceTitle "EXT 2018"]
[Source "ChessBase"]
[SourceDate "2017.10.13"]
[SourceVersion "1"]
[SourceVersionDate "2017.10.13"]
[SourceQuality "1"]

1. e4 c5 2. Nf3 d6 3. d4 cxd4 4. Nxd4 Nf6 5. Nc3 a6 6. Bg5 e6 7. f4 Nbd7 8. Qf3 Qc7 9. 0-0-0 Be7 10. g4 h6 11. Bh4 b5 12. Bxf6 gxf6 13. Bg2 Bb7 14. Kb1 0-0-0 15. a3 Nb6 16. f5 e5 17. Nb3 Kb8 18. Nd5 Nxd5 19. exd5 Rc8 20. Rd2 Qb6 21. Qf2 Bd8 22. Bf3 Rc4 23. Rf1 Qxf2 24. Rdxf2 Bb6 25. Re2 Rhc8 26. c3 Rf4 27. Nd2 Rc5 28. Nb3 Rxd5 29. Kc2 Rc5 30. Bxb7 Rxf1 31. Nxc5 Bxc5 32. Bxa6 Rf4 33. b4 Bb6 34. Bxb5 d5 35. a4 d4 36. a5 Bc7 37. Bc6 dxc3 38. Kxc3 Bd6 39. Re4 Rf2 40. Kc4 Rb2 41. Kb5 Kc7 42. Bd5 Rd2 43. Rc4+ Kb8 44. Kc6 Bc7 45. a6 Bd8 46. b5 Ka7 47. Bxf7 Rd4 48. Rxd4 exd4 49. Bc4 Bb6 50. Bd3 Ba5 51. h3 Bd8 52. Kd7 Bb6 53. Ke7 1-0

[Event "Sachsen-Anhalt-ch Seniors 22nd"]
[Site "Halberstadt"]
[Date "2014.05.25"]
[Round "1"]
[White "Werchan, Hans"]
[Black "Gismann, Juergen"]
[Result "1-0"]
[WhiteElo "1992"]
[BlackElo "1767"]
[PlyCount "89"]
[EventDate "2014.05.25"]
[EventType "swiss"]
[EventRounds "7"]
[EventCountry "GER"]
[SourceTitle "EXT 2018"]
[Source "ChessBase"]
[SourceDate "2017.10.13"]
[SourceVersion "1"]
[SourceVersionDate "2017.10.13"]
[SourceQuality "1"]

1. Nf3 Nf6 2. c4 g6 3. b4 d6 4. Bb2 Bg7 5. g3 0-0 6. Bg2 c6 7. 0-0 Qb6 8. Qb3 a5 9. bxa5 Qxa5 10. d4 Qc7 11. Nc3 Bg4 12. h3 Be6 13. d5 Bd7 14. Nd4 Na6 15. Na4 Nc5 16. Nxc5 dxc5 17. dxc6 cxd4 18. cxd7 Nxd7 19. Rfd1 e5 20. Ba3 Rfb8 21. Bd5 Nf6 22. Bg2 Nd7 23. Bb4 Nc5 24. Qc2 Ra7 25. Bd5 b6 26. Rab1 Bf8 27. Bxc5 bxc5 28. Rxb8 Qxb8 29. Rb1 Qc7 30. Rb5 Ra5 31. Rb7 Qc8 32. Rxf7 Kh8 33. Qd2 Ra3 34. Qb2 Rc3 35. Qb6 Bg7 36. Kg2 Rc2 37. Qa7 Rxe2 38. Bf3 d3 39. Rxg7 Rxf2+ 40. Kxf2 Qxh3 41. Rxh7+ Qxh7 42. Qxh7+ Kxh7 43. Ke3 Kg7 44. Kxd3 Kf6 45. a4 1-0

[Event "EU-chT Seniors 15th"]
[Site "Dresden"]
[Date "2013.07.28"]
[Round "9"]
[White "Werchan, Hans"]
[Black "Palmo, Pentti Olavi"]
[Result "1/2-1/2"]
[WhiteElo "2141"]
[BlackElo "2034"]
[PlyCount "40"]
[EventDate "2013.07.20"]
[EventType "team-swiss"]
[EventRounds "9"]
[EventCountry "GER"]
[SourceTitle "CBM 155 Extra"]
[Source "ChessBase"]
[SourceDate "2013.08.26"]
[SourceVersion "1"]
[SourceVersionDate "2013.08.26"]
[SourceQuality "1"]
[WhiteTeam "Magdeburg Ottonen"]
[BlackTeam "Turku"]
[WhiteTeamCountry "GER"]
[BlackTeamCountry "FIN"]

1. Nf3 Nf6 2. c4 e6 3. g3 d5 4. Bg2 dxc4 5. Qa4+ Bd7 6. Qxc4 Bc6 7. 0-0 Be7 8. d4 0-0 9. Nc3 a6 10. a4 b5 11. Qd3 b4 12. Nb1 Be4 13. Qd1 Bb7 14. Nbd2 Nbd7 15. Nb3 Bd5 16. Nfd2 Bxg2 17. Kxg2 c5 18. dxc5 Nxc5 19. Nxc5 Bxc5 20. Nb3 Be7 1/2-1/2

[Event "EU-chT Seniors 15th"]
[Site "Dresden"]
[Date "2013.07.25"]
[Round "6"]
[White "Habershon, Paul F"]
[Black "Werchan, Hans"]
[Result "0-1"]
[WhiteElo "2092"]
[BlackElo "2141"]
[PlyCount "44"]
[EventDate "2013.07.20"]
[EventType "team-swiss"]
[EventRounds "9"]
[EventCountry "GER"]
[SourceTitle "CBM 155 Extra"]
[Source "ChessBase"]
[SourceDate "2013.08.26"]
[SourceVersion "1"]
[SourceVersionDate "2013.08.26"]
[SourceQuality "1"]
[WhiteTeam "England III"]
[BlackTeam "Magdeburg Ottonen"]
[WhiteTeamCountry "ENG"]
[BlackTeamCountry "GER"]

1. e4 c5 2. Nc3 e6 3. f4 d5 4. Nf3 dxe4 5. Nxe4 a6 6. g3 Nc6 7. Bg2 Be7 8. d3 Nf6 9. 0-0 Rb8 10. Kh1 0-0 11. Be3 b6 12. Qe2 Bb7 13. Rad1 Qc7 14. Nxf6+ Bxf6 15. d4 cxd4 16. Nxd4 Rfd8 17. Nxc6 Bxc6 18. b3 b5 19. f5 exf5 20. Bf4 Bxg2+ 21. Kxg2 Qc6+ 22. Kh3 g5 0-1

[Event "EU-chT Seniors 15th"]
[Site "Dresden"]
[Date "2013.07.21"]
[Round "2"]
[White "Andersson, Sven Olof"]
[Black "Werchan, Hans"]
[Result "1/2-1/2"]
[WhiteElo "1977"]
[BlackElo "2141"]
[PlyCount "61"]
[EventDate "2013.07.20"]
[EventType "team-swiss"]
[EventRounds "9"]
[EventCountry "GER"]
[SourceTitle "CBM 155 Extra"]
[Source "ChessBase"]
[SourceDate "2013.08.26"]
[SourceVersion "1"]
[SourceVersionDate "2013.08.26"]
[SourceQuality "1"]
[WhiteTeam "Sweden IV"]
[BlackTeam "Magdeburg Ottonen"]
[WhiteTeamCountry "SWE"]
[BlackTeamCountry "GER"]

1. d4 Nf6 2. Nf3 c5 3. d5 e6 4. c4 b5 5. dxe6 fxe6 6. cxb5 d5 7. g3 Be7 8. Bg2 0-0 9. 0-0 a6 10. bxa6 Nc6 11. Bf4 Qb6 12. Nbd2 Rxa6 13. Qb3 Qa7 14. a3 Bd7 15. Bh3 Kh8 16. e3 e5 17. Bxd7 Nxd7 18. Bg5 e4 19. Bxe7 Nxe7 20. Ng5 h6 21. Nh3 Ne5 22. Nf4 Rb8 23. Qc2 g5 24. Nxd5 Nxd5 25. Qxe4 Qe7 26. Qxd5 Rd8 27. Qe4 Rxd2 28. Rad1 Rxd1 29. Rxd1 Re6 30. Qa8+ Kg7 31. Rd8 1/2-1/2

[Event "EU-chT Seniors 15th"]
[Site "Dresden"]
[Date "2013.07.20"]
[Round "1"]
[White "Werchan, Hans"]
[Black "Hammar, Bengt Erik"]
[Result "1/2-1/2"]
[WhiteElo "2141"]
[BlackElo "2279"]
[PlyCount "47"]
[EventDate "2013.07.20"]
[EventType "team-swiss"]
[EventRounds "9"]
[EventCountry "GER"]
[SourceTitle "CBM 155 Extra"]
[Source "ChessBase"]
[SourceDate "2013.08.26"]
[SourceVersion "1"]
[SourceVersionDate "2013.08.26"]
[SourceQuality "1"]
[WhiteTeam "Magdeburg Ottonen"]
[BlackTeam "Sweden"]
[WhiteTeamCountry "GER"]
[BlackTeamCountry "SWE"]

1. Nf3 g6 2. c4 Bg7 3. d4 Nf6 4. Nc3 0-0 5. g3 d6 6. Bg2 Nbd7 7. 0-0 e5 8. dxe5 dxe5 9. Bg5 h6 10. Bd2 c6 11. Qc2 Re8 12. Rad1 Qc7 13. h3 a5 14. Be3 Bf8 15. a3 Nc5 16. b4 axb4 17. axb4 Na6 18. b5 Nc5 19. Nd2 Bf5 20. Qb2 Be6 21. Ra1 Nh5 22. b6 Qe7 23. Ra7 Reb8 24. Bxc6 1/2-1/2

[Event "GER-ch Seniors"]
[Site "Dresden"]
[Date "2012.08.14"]
[Round "6"]
[White "Werchan, Hans"]
[Black "Groschup, Gerhard"]
[Result "0-1"]
[WhiteElo "2171"]
[BlackElo "1985"]
[PlyCount "76"]
[EventDate "2012.08.09"]
[EventType "swiss"]
[EventRounds "9"]
[EventCountry "GER"]
[SourceTitle "EXT 2014"]
[Source "ChessBase"]
[SourceDate "2013.11.20"]
[SourceVersion "1"]
[SourceVersionDate "2013.11.20"]
[SourceQuality "1"]

1. Nf3 Nf6 2. c4 e6 3. g3 b6 4. Bg2 Bb7 5. 0-0 Be7 6. Nc3 0-0 7. d4 d6 8. Qc2 Na6 9. Rd1 Nb4 10. Qb1 a5 11. a3 Na6 12. b4 Nb8 13. b5 Nbd7 14. h3 Rb8 15. e4 Ne8 16. Ra2 f5 17. Re2 Rf7 18. h4 h6 19. exf5 exf5 20. Rde1 Nf8 21. Qd3 Nf6 22. Nd5 Nxd5 23. cxd5 Qd7 24. Nh2 Nh7 25. a4 Nf6 26. Qc4 Bf8 27. Bf4 Re8 28. Rxe8 Nxe8 29. Re6 Nf6 30. Nf1 Bc8 31. Ne3 g6 32. Bh3 Qd8 33. h5 g5 34. Nxf5 gxf4 35. Nh4 fxg3 36. fxg3 Nxh5 37. Qd3 Rg7 38. Nf5 Rg5 0-1

[Event "GER-ch Seniors"]
[Site "Dresden"]
[Date "2012.08.09"]
[Round "1"]
[White "Werchan, Hans"]
[Black "Hadlich, Winfried"]
[Result "0-1"]
[WhiteElo "2171"]
[BlackElo "1942"]
[PlyCount "84"]
[EventDate "2012.08.09"]
[EventType "swiss"]
[EventRounds "9"]
[EventCountry "GER"]
[SourceTitle "EXT 2014"]
[Source "ChessBase"]
[SourceDate "2013.11.20"]
[SourceVersion "1"]
[SourceVersionDate "2013.11.20"]
[SourceQuality "1"]

1. Nf3 Nf6 2. c4 e6 3. g3 d5 4. Bg2 c6 5. b3 dxc4 6. bxc4 Qb6 7. 0-0 c5 8. Nc3 Nc6 9. Rb1 Qd8 10. d3 Bd6 11. Bg5 h6 12. Bxf6 Qxf6 13. Ne4 Qe7 14. Nxd6+ Qxd6 15. Qa4 0-0 16. Nd2 Nd4 17. Qd1 Rb8 18. Ne4 Qc7 19. Nc3 b6 20. e3 Nf5 21. Qe2 Bb7 22. Rfd1 Bxg2 23. Kxg2 Rfd8 24. Qf3 Rd7 25. Nb5 Qd8 26. Qe2 a6 27. Nc3 Qc7 28. Rb3 Rbd8 29. f3 Qc6 30. Ne4 b5 31. cxb5 axb5 32. Rc3 c4 33. Nf2 Qc5 34. d4 Qb4 35. Rc2 Qa3 36. Re1 Kf8 37. g4 Nh4+ 38. Kg3 g5 39. Ne4 f5 40. Nc5 Re7 41. f4 Rxd4 42. Kf2 Rd5 0-1

[Event "GER-chT Seniors 20th"]
[Site "Gladenbach"]
[Date "2011.09.17"]
[Round "7.4"]
[White "Werchan, Hans"]
[Black "Lenk, Wolfgang"]
[Result "1/2-1/2"]
[WhiteElo "2006"]
[BlackElo "2065"]
[PlyCount "35"]
[EventDate "2011.09.11"]
[EventType "team-swiss"]
[EventRounds "7"]
[EventCountry "GER"]
[SourceTitle "CBM 144 Extra"]
[Source "ChessBase"]
[SourceDate "2011.10.28"]
[SourceVersion "1"]
[SourceVersionDate "2011.10.28"]
[SourceQuality "1"]
[WhiteTeam "Sachsen Anhalt"]
[BlackTeam "Sachsen"]
[WhiteTeamCountry "GER"]
[BlackTeamCountry "GER"]

1. Nf3 g6 2. c4 Bg7 3. Nc3 Nf6 4. g3 0-0 5. Bg2 d6 6. 0-0 Nc6 7. d3 e5 8. Bg5 h6 9. Bd2 Be6 10. a3 Qd7 11. Rb1 Bh3 12. e3 Bxg2 13. Kxg2 Ne7 14. e4 Nh5 15. Nh4 Kh7 16. h3 c6 17. Kh2 d5 18. Qe2 1/2-1/2

[Event "GER-chT Seniors 20th"]
[Site "Gladenbach"]
[Date "2011.09.11"]
[Round "1.4"]
[White "Werchan, Hans"]
[Black "Gehrmann, Dorit"]
[Result "1-0"]
[WhiteElo "2006"]
[BlackElo "1819"]
[PlyCount "99"]
[EventDate "2011.09.11"]
[EventType "team-swiss"]
[EventRounds "7"]
[EventCountry "GER"]
[SourceTitle "CBM 144 Extra"]
[Source "ChessBase"]
[SourceDate "2011.10.28"]
[SourceVersion "1"]
[SourceVersionDate "2011.10.28"]
[SourceQuality "1"]
[WhiteTeam "Sachsen Anhalt"]
[BlackTeam "Schleswig Holstein II"]
[WhiteTeamCountry "GER"]
[BlackTeamCountry "GER"]

1. Nf3 Nf6 2. c4 e6 3. g3 d5 4. Bg2 Bd6 5. 0-0 0-0 6. d4 Nbd7 7. c5 Be7 8. Nc3 a5 9. Qa4 c6 10. b4 b5 11. Qb3 axb4 12. Qxb4 Bb7 13. Bd2 Nb6 14. Ne5 Nfd7 15. Nxd7 Qxd7 16. Rfd1 Ra6 17. e3 Nc4 18. Bf1 Nxd2 19. Rxd2 Qc7 20. a4 Ra5 21. Rb1 Rb8 22. axb5 cxb5 23. Nxb5 Qd8 24. Rdb2 Ba6 25. Qd2 g6 26. Nc3 Rxb2 27. Qxb2 Bc8 28. Qb8 Kg7 29. Rb6 Ra1 30. Kg2 Qd7 31. Bb5 Qd8 32. h4 Rc1 33. Ne2 Rc2 34. h5 Rb2 35. Bd3 Rxb6 36. cxb6 Bd6 37. Qa7 Qe7 38. hxg6 hxg6 39. Ba6 Bxa6 40. Qxa6 Bb8 41. Qc8 Qd6 42. Qc5 Kf8 43. Nc3 Ke8 44. Qc8+ Qd8 45. b7 Ke7 46. Nb5 Ke8 47. f4 Ke7 48. Kf3 Ke8 49. Kg4 Ke7 50. Kg5 1-0

[Event "GER-ch Seniors 23rd"]
[Site "Halle"]
[Date "2011.08.06"]
[Round "2"]
[White "Ott, Lothar"]
[Black "Werchan, Hans"]
[Result "0-1"]
[WhiteElo "1749"]
[BlackElo "2183"]
[PlyCount "78"]
[EventDate "2011.08.05"]
[EventType "swiss"]
[EventRounds "9"]
[EventCountry "GER"]
[SourceTitle "CBM 144 Extra"]
[Source "ChessBase"]
[SourceDate "2011.10.28"]
[SourceVersion "1"]
[SourceVersionDate "2011.10.28"]
[SourceQuality "1"]

1. d4 Nf6 2. c4 g6 3. Nf3 Bg7 4. Nc3 0-0 5. g3 d6 6. Bg2 Nc6 7. a3 Na5 8. b3 c5 9. e3 Rb8 10. 0-0 Bg4 11. h3 Bd7 12. Qc2 cxd4 13. Nxd4 a6 14. Nce2 e5 15. Nf3 Qc8 16. Kh2 b5 17. Qc3 Nc6 18. cxb5 Rxb5 19. b4 Qb8 20. Nd2 d5 21. Nb3 a5 22. Nc5 axb4 23. axb4 Nxb4 24. Nxd7 Nxd7 25. Rb1 Rc8 26. Qb3 Nc5 27. Qd1 Ne6 28. Nc3 Rxc3 29. Bd2 Rd3 30. Qe2 e4 31. Rxb4 Rxb4 32. Bxb4 Qxb4 33. f3 Rd2 34. Qa6 Qb2 35. Rg1 exf3 36. Qf1 Ng5 37. h4 Rf2 38. Qd1 Rxg2+ 39. Kh1 Rh2# 0-1